00334 a2200133 4500003000400000005001700004008004100021020001500062040000900077082001800086245004800104260003900152300000900191OSt20231215152726.0231215b |||||||| |||| 00| 0 eng d a8170556864 coclc a891.43bKHA/M aMAHAKAVYA VIMARSH /cedited by Vishnu Khare aNew Delhi:bVani Prakashan,c1999. a129p